Statystyki dla Wszystkie kraje, które sięgają dalej na północ, niż Polska

Kliknij tutaj aby rozwiązać quiz!

Ogólne statystyki

  • Ten quiz został rozwiązany 318 razy
  • Średni wynik to 15 z 16

Statystyki odpowiedzi

Odpowiedź% Poprawnych
Rosja
99%
Norwegia
98%
Szwecja
98%
Dania
97%
Finlandia
97%
Estonia
96%
Kanada
96%
Łotwa
96%
Litwa
95%
Stany Zjednoczone
94%
Wielka Brytania
93%
Islandia
90%
Niemcy
89%
Irlandia
87%
Białoruś
70%
Kazachstan
55%

Rozkład punktacji

Percentyl według liczby udzielonych odpowiedzi

Procent ludzi z każdym wynikiem

Twoja historia wyników

Nie rozwiązałeś tego quizu